000 00816nam2a2200205 4500
001 RU\NLR\PER_A\012676076_000070
005 20250625072416.0
035 _a(NLR Aleph) 021976791
090 _a12384176
_c12384176
100 _a20230707d2023 |||y0rusy50 ca
101 0 _arus
102 _aRU
200 0 _a2023, № 1 (4)
210 _d2023
_aБ. м.
461 0 _1001RU\NLR\BIBL_A\012676076
_12001#$aИндустрия Евразии$eпромышленный вестник Евразийского континента$v2023, № 1 (4)
_912800030
_cМосква
_d2021 -
_n[б. и.]
_oпромышленный вестник Евразийского континента
_tИндустрия Евразии
_v2023, № 1 (4)
852 _aNLR
_jП23/9597
942 _cISSUE
980 _aNB
980 _aRUSPER